000 00723cab a2200229 4500
001 WB3103-10
008 090401t1995 xxu||||| |||| 00| 0 eng d
035 _a(Sirsi) u70691
041 _aeng
245 _aRICS funds conservation study
260 _c1995
350 _a0
490 _aProperty Week
_v50(3) 19 January 1995, 10(1)
520 _aIn conjunction with the DNH and English Heritage, the RICS is backing the third in a series of research projects on the social and economic effects of conserving the historic environment.
650 _aECONOMIC VALUE
650 _aHISTORIC ENVIRONMENT
650 _aSOCIAL VALUE
650 _aVALUE
690 _aCONSERVATION
942 _n0
948 _c04/03/1997
999 _c44490
_d44490